000 01010cam a2200241 i 4500
003 SA-RiAUC
005 20250530142348.0
008 250511s2004 su g 000 0 ara c
040 _aSA-RiKSU
_bara
_cSA-RiAUC
_erda
082 0 4 _a928.1
090 _a928.1
_b م ن ا
245 0 2 _aمن أدب الراوية :
_bأحمد بن محمد الحضراني /
_cتوثيق وتحقيق عبد الله بن محمد آل حميد.
264 1 _aأبها، السعودية :
_bنادي أبها الأدبي،
_c2004
300 _a93 صفحة ؛
_c24 سم
336 _aنص
_btxt
_2rdacontent
_3كتاب
337 _aبدون وسيط
_bn
_2rdamedia
338 _aمجلد
_bnc
_2rdacarrier
600 1 7 _aالحضراني، أحمد بن محمد،
_d1893-1987
_2aucnm
650 7 _aالأدباء العرب
_zالسعودية
_vتراجم
_2aucsh
700 1 _aآل حميد، عبد الله بن محمد،
_d1376 هجري-
_eمحقق.
942 _2ddc
_cBOOK
_n0
949 _aSA-JeALM
_d250511
_umohamedma123
_n1
999 _c8519
_d8519